00389nam a22001337a 450000500170000000800410001704100120005808200130007010000120008324500390009526000650013430000310019965000250023020240819135614.0240819b |||||||| |||| 00| 0 eng d aEnglish a349 LAW  lEnglish aThe Law Reports: Probate Division  aLondon: bThe Incorporated Council of Law Reporting, c1969  bxiii, 160 pages; c25 cm.  aLegal practice bLaw